000 00366nam a2200145Ia 4500
008 230711s9999||||xx |||||||||||||| ||und||
041 _aENG
082 _a658.1554
_bRA-O
100 _aRamanathan,N
245 0 _aOperations research
250 _a7th Ed.
260 _c2005
_aNew Delhi
_bVijay Nicole Imprints Pt Ltd
650 _aMechanical Engineering
942 _cBK
999 _c8766
_d8766